Bündesliga 2025/26 Clubs by Badges - Statistics

General Stats
  • This quiz has been taken 69 times
  • The average score is 17 of 18
Answer Stats
Picture Answer % Correct
Bayer Leverkusen
100%
Bayern München
100%
Borussia Dortmund
100%
Eintracht Frankfurt
100%
FC Köln
97%
Hamburger SV
97%
Wolfsburg
97%
Werder Bremen
95%
Borussia Mönchengladbach
93%
RB Leipzig
93%
VfB Stuttgart
93%
Augsburg
92%
Hoffenheim
92%
Union Berlin
90%
FC St. Pauli
88%
Mainz 05
88%
Freiburg
86%
Heidenheim
69%
No matching quizzes found
Score Distribution
Percent of People with Each Score
Percentile by Number Answered
Your Score History
You have not taken this quiz